书目信息 |
| 题名: |
纯粹现象学通论 第一卷
|
|
| 作者: | 胡塞尔 著 | |
| 分册: | ||
| 出版信息: | 北京 商务印书馆 1992.12 |
|
| 页数: | 589页 | |
| 开本: | 32开 | |
| 丛书名: | ||
| 单 册: | ||
| 中图分类: | B516.52 | |
| 科图分类: | ||
| 主题词: | 哲学--欧洲 | |
| 电子资源: | ||
| ISBN: | 7-100-02180-4 | |
| 000 | 00572nam0 2200193 45 | |
| 001 | 0009160884 | |
| 005 | 20000916084045.5 | |
| 010 | @a7-100-02180-4@d21.80元 | |
| 100 | @a20000916d1992 km y0chiy0120 ea | |
| 101 | 0 | @achi |
| 105 | @a z 000yy | |
| 200 | 1 | @a纯粹现象学通论 第一卷@AChun Cui Xian Xiang Xue Tong Lun Di Yi Juan@f(德)胡塞尔著@F(De)Hu Sai Er Zhu |
| 210 | @a北京@c商务印书馆@d1992.12 | |
| 215 | @a589页@d32开 | |
| 606 | 0 | @a哲学@x欧洲 |
| 690 | @aB516.52@v3 | |
| 701 | 0 | @a胡塞尔@4著 |
| 801 | @aCN@bPftUser@c20000916 | |
| 905 | @b144856-858@dB516.52@eH716:1@f3 | |
| 纯粹现象学通论 第一卷/(德)胡塞尔著.-北京:商务印书馆,1992.12 |
| 589页;32开 |
| ISBN 7-100-02180-4:21.80元 |
| ● |
| 相关链接 |
|
|
|
正题名:纯粹现象学通论第一卷
索取号:B516.52/H716:1
 
预约/预借
| 序号 | 登录号 | 条形码 | 馆藏地/架位号 | 状态 | 备注 |
| 1 | 144856 | 201448567 | 社科库509/509社科库 18排1列1层/ [索取号:B516.52/H716:1] | 在馆 | |
| 2 | 144857 | 201448576 | 社科库509/422社科库 46排4列2层/ [索取号:B516.52/H716:1] | 在馆 | |
| 3 | 144858 | 201448585 | 社科库509/509社科库 18排1列1层/ [索取号:B516.52/H716:1] | 在馆 |